ASBM Journal of Management (Record no. 220505)

MARC details
000 -LEADER
fixed length control field 00421nam a22001457a 4500
003 - CONTROL NUMBER IDENTIFIER
control field OSt
005 - DATE AND TIME OF LATEST TRANSACTION
control field 20211110185044.0
008 - FIXED-LENGTH DATA ELEMENTS--GENERAL INFORMATION
fixed length control field 211110b ||||| |||| 00| 0 eng d
022 ## - INTERNATIONAL STANDARD SERIAL NUMBER
Source 0974-8512
International Standard Serial Number 0974-8512
040 ## - CATALOGING SOURCE
Transcribing agency ASBM university
222 ## - KEY TITLE
Key title ASBM Journal of Management
245 ## - TITLE STATEMENT
Title ASBM Journal of Management
Statement of responsibility, etc. International journal of ASBM University
260 ## - PUBLICATION, DISTRIBUTION, ETC.
Place of publication, distribution, etc. Odisha
Name of publisher, distributor, etc. ASBM University
942 ## - ADDED ENTRY ELEMENTS (KOHA)
Source of classification or shelving scheme Dewey Decimal Classification
Koha item type Periodicals
Serial record 1
Holdings
Withdrawn status Lost status Source of classification or shelving scheme Materials specified (bound volume or other part) Damaged status Not for loan Home library Current library Date acquired Total Checkouts Date last seen Price effective from Koha item type
    Dewey Decimal Classification 2021/193   Not for loan St Aloysius Institute of Management & Information Technology St Aloysius Institute of Management & Information Technology 11/10/2021   11/10/2021 11/10/2021 Periodicals